| 000 | 00649nam a22002171i 4500 | ||
|---|---|---|---|
| 003 | OSt | ||
| 005 | 20150313154833.0 | ||
| 008 | 000401s1975 sp spa | ||
| 040 | _cBMC | ||
| 082 | _a200.230 | ||
| 100 | 1 |
_aValentini, Norberto _931395 |
|
| 245 | 1 | 3 |
_aLa política en el confesionario _cNorberto Valentini ; [traducido, Mª Antonia Menini] |
| 250 | _a1ª ed | ||
| 260 |
_aBarcelona _bGrijalbo _c1977 |
||
| 300 |
_a338 p., 1 h. _c19 cm |
||
| 490 | _aBest Sellers | ||
| 595 | _aTraducción de: La politica in confessionale | ||
| 650 | 2 | 4 |
_aReligión y política _910820 |
| 700 | 1 |
_930812 _aMenini, María Antonia |
|
| 942 |
_2ddc _cBK |
||
| 999 |
_c18354 _d18354 |
||